000 01024nam a22002775i 4500
001 12662
003 ES-MaACL
005 20230906150353.0
007 t|
008 941220s1988 sp ||||0| spa j
020 _a84-7472-090-7
040 _aM-BN
_bspa
_cM-BN
080 _a809.27-087-4
100 1 _aBrage González, F. Javier.
_931284
245 1 0 _aEstudios sobre el vocalismo en los dialectos árabes /
_cpor F. Javier Brage González.
260 _aMadrid :
_bInstituto Hispano-Arabe de Cultura,
_c1988.
300 _a144 p. :
_bmap. ;
_c24 cm.
490 1 _aCuadernos de lengua y literatura ;
_v3
500 _aPrecede al tít.: Secretaría de Estado de Cooperación Internacional y para Iberoamérica.
504 _aBibliografía: p. [141]-144.
650 1 4 _aLengua árabe-
_xDialectos-
_xFonología.
_914090
710 2 _aInstituto Hispano-Árabe de Cultura.
_9162165
830 0 _aCuadernos de lengua y literatura ;
_v3
_9228322
852 _aES-MaACL
_jL-20049
_bR.117000
999 _c12662
_d12662